The strategy of economic planning; (Record no. 71376)

MARC details
000 -LEADER
fixed length control field 00625cam a22002051 4500
001 - CONTROL NUMBER
control field sa 66007737
003 - CONTROL NUMBER IDENTIFIER
control field DLC
005 - DATE AND TIME OF LATEST TRANSACTION
control field 20260227112307.0
008 - FIXED-LENGTH DATA ELEMENTS--GENERAL INFORMATION
fixed length control field 740123t19661963pk 000 0 eng
010 ## - LIBRARY OF CONGRESS CONTROL NUMBER
LC control number sa 66007737
040 ## - CATALOGING SOURCE
Original cataloging agency DLC
Transcribing agency DLC
Modifying agency DLC
043 ## - GEOGRAPHIC AREA CODE
Geographic area code a-pk---
050 00 - LIBRARY OF CONGRESS CALL NUMBER
Classification number HC440.5
Item number .H37 1966
082 00 - DEWEY DECIMAL CLASSIFICATION NUMBER
Classification number 338.91549
100 1# - MAIN ENTRY--PERSONAL NAME
Personal name Haq, Mahbub ul,
Dates associated with a name 1934-1998.
245 14 - TITLE STATEMENT
Title The strategy of economic planning;
Remainder of title a case study of Pakistan
Statement of responsibility, etc. [by] Mahbub ul Haq.
260 ## - PUBLICATION, DISTRIBUTION, ETC.
Place of publication, distribution, etc. Karachi,
Name of publisher, distributor, etc. Pakistan Branch, Oxford University Press
Date of publication, distribution, etc. [1966, c1963]
300 ## - PHYSICAL DESCRIPTION
Extent xvi, 266 p.
Dimensions 22 cm.
651 #0 - SUBJECT ADDED ENTRY--GEOGRAPHIC NAME
Geographic name Pakistan
General subdivision Economic policy.

No items available.

Powered by Koha